Central Library OPAC University of Rajshahi

The marital relationship as a focus for casework : (Record no. 13787)

MARC details
000 -LEADER
fixed length control field 00875nam a2200217 a 4500
001 - CONTROL NUMBER
control field 13787
003 - CONTROL NUMBER IDENTIFIER
rucl marc code BD-RjUL
005 - DATE AND TIME OF LATEST TRANSACTION
control field 20211208235519.0
008 - FIXED-LENGTH DATA ELEMENTS--GENERAL INFORMATION
fixed length control field 190307r19641962xxk 000 0 eng d
035 ## - SYSTEM CONTROL NUMBER
System control number (BD-RjUL)13839
040 ## - CATALOGING SOURCE
Original cataloging agency UKM
Transcribing agency UKM
Modifying agency EQO
-- BD-RjUL
Language of cataloging eng
041 ## - LANGUAGE CODE
Language code of text/sound track or separate title eng
082 04 - DEWEY DECIMAL CLASSIFICATION NUMBER
Classification number 362.82
Edition number 23
Author mark and year TAM 1964
110 1# - MAIN ENTRY--CORPORATE NAME
Corporate name or jurisdiction name as entry element Tavistock Institute of Human Relations.
Subordinate unit Family Discussion Bureau.
9 (RLIN) 229120
245 14 - TITLE STATEMENT
Title The marital relationship as a focus for casework :
Remainder of title report of a conference on the implications of marital interaction for the social services /
Statement of responsibility, etc. The Tavistock Institute of Human Relations. Family Discussion Bureau.
260 ## - PUBLICATION, DISTRIBUTION, ETC. (IMPRINT)
Place of publication, distribution, etc. [Hertfordshire]:
Name of publisher, distributor, etc. Codicote Press,
Date of publication, distribution, etc. 1962 [Reprint 1964].
300 ## - PHYSICAL DESCRIPTION
Pagination 64 p. ;
Size 22 cm.
490 1# - SERIES STATEMENT
Series statement 'Family Discussion Bureau Publications
830 #0 - SERIES ADDED ENTRY--UNIFORM TITLE
Uniform title 'Family Discussion Bureau Publications
942 ## - ADDED ENTRY ELEMENTS (KOHA)
Source of classification or shelving scheme Dewey Decimal Classification
Koha item type Books
Holdings
Lost status Source of classification or shelving scheme Damaged status Not for loan Collection code Permanent Location Current Location Shelving location Date acquired Total Checkouts Full call number Date last seen Copy number Koha item type
  Dewey Decimal Classification   Not For Loan Rare Books Central Library, University of Rajshahi Central Library, University of Rajshahi Rare Book Section 07/03/2019   RA 362.82 TAM 1964 07/03/2019 C-1 Rare Books
  Dewey Decimal Classification     Non-fiction Central Library, University of Rajshahi Central Library, University of Rajshahi   25/06/2019   362.82 TAM 1964 25/06/2019 C-2 Books